| 000 | 01638nam a22004337a 4500 | ||
|---|---|---|---|
| 003 | CHAP | ||
| 005 | 20220329143329.0 | ||
| 008 | 080822d2008 mx r 00110 spa d | ||
| 010 | _a95057 | ||
| 011 | _a96029 | ||
| 035 | _a106668 | ||
| 040 | _cCHAP | ||
| 090 | _aTesis | ||
| 100 | 1 |
_aGranados Campos, Luis Roberto _950345 |
|
| 245 | 1 | 3 |
_aLa relación hombre - naturaleza un acercamiento al pensamiento zoque de la Sierra de Pantepec, Chiapas _c/por Luis Roberto Granados Campos |
| 260 |
_aChapingo, Méx. : _bEl autor, _c2008 |
||
| 300 |
_axi, 43 h. : _bcuadros |
||
| 502 | _aTesis (Ing. en Agroecología) -- UACH. Departamento de Agroecología | ||
| 530 | _aTambién disponible en línea | ||
| 590 |
_aALEPH _b10 _c20130110 _lUCH01 _h1523 |
||
| 590 |
_aBATCH-UPD _b10 _c20130110 _lUCH01 _h0220 |
||
| 590 |
_aBATCH-UPD _b10 _c20130110 _lUCH01 _h1520 |
||
| 590 |
_aBATCH-UPD _b10 _c20130410 _lUCH01 _h1232 |
||
| 590 |
_aBATCH-UPD _b10 _c20130914 _lUCH01 _h0830 |
||
| 590 |
_aBATCH-UPD _b10 _c20140324 _lUCH01 _h1507 |
||
| 590 |
_aBATCH-UPD _b10 _c20141002 _lUCH01 _h0836 |
||
| 590 |
_aCONVERSION _b10 _c20130109 _lUCH01 _h1353 |
||
| 650 | 0 | 4 |
_aCampesinado _xChiapas. _918001 |
| 650 | 1 | 4 |
_aConocimiento, Teoría del. _927232 |
| 650 | 1 | 4 |
_aHombre. _956037 |
| 650 | 1 | 4 |
_aIndios de Chiapas. _957593 |
| 650 | 1 | 4 |
_aRecursos naturales. _995172 |
| 650 | 1 | 4 |
_aZoques. _9124198 |
| 856 |
_3Finding aid _uhttp://10.13.5.2/tesis/106668.pdf _zTeclea aqui |
||
| 901 | _aBK | ||
| 942 | _cFOLL | ||
| 949 |
_aTesis _bBC _cTES _d33724002072207 _eTS1 _gDonaciØn _h47857 _i106668 _sb |
||
| 949 |
_aTesis _bBC _cTES _d33724002072248 _eTS2 _fc.2 _gDonaciØn _h47858 _i106668 _sb |
||
| 999 |
_c95057 _d95057 |
||